| 000 | 00722nam a2200241 a 4500 | ||
|---|---|---|---|
| 008 | |||
| 020 | _a0471348880 (pbk.) | ||
| 049 | _aMAIN | ||
| 090 | _aQD251.2 | ||
| 245 | 0 | 0 |
_aOrganic reactions. _nVolume 54 / _ceditorial board, Leo A. Paquette... [et al.]. |
| 260 |
_aNew York : _bWiley, _cc1999. |
||
| 300 |
_avii, 442 p. : _bill. ; _c24 cm. |
||
| 440 | 0 |
_aOrganic reactions ; _v54. |
|
| 504 | _aIncludes bibliographical references. | ||
| 500 | _aIncludes index. | ||
| 650 | 0 | _aChemistry,Organic. | |
| 700 | 1 |
_aPaquette, Leo A., _eed. |
|
| 907 |
_a.b10030463 _b03-05-04 _c17-04-03 |
||
| 003 | |||
| 005 | 20230123133705.0 | ||
| 040 | _cNUST | ||
| 942 |
_cBOOKS _kQD251.2 |
||
| 999 |
_c152958 _d152958 |
||